000 00937nam0a22002531 4500
001 rc\872571
005 20260406165820.0
035 _a(NLR Aleph) 006050867
090 _a4804499
_c4804499
100 _a20041129d1983 |||y0rusy50 ca
101 0 _arus
102 _aRU
105 _aa |||||||||
200 1 _aТригонометрические функции
_eМетод. разраб. для учащихся III курса ВЗМШ АПН СССР при МГУ
_fСост. Ж.М. Раббот
210 _aМ.
_cВЗМШ
_d1983
215 _a73 с.
_cил.
_d20
300 _aНа обл. только подзаг.
702 1 _aРаббот
_bЖ.М.
_gЖозеф Михайлович
_4220
712 0 2 _aВсесоюзная заочная математическая школа
_3RU\NLR\AUTH\889937136
_9369050
801 0 _aRU
_bNLR
_gpsbo
801 1 _aRU
_bELAR
_2rusmarc
852 _aNLR
_j84-4/25208
942 _cBOOK
980 _aNB